000 00423nam a22001817a 4500
003 OSt
008 230508b |||||||| |||| 00| 0 eng d
020 _a9789391596095
082 _a658.8
100 _aSHARMA,Kavita
245 _aPrinciples of Marketing
250 _a2nd Ed
260 _aNew Delhi
_bTaxmann Pub
_c2021
300 _a280
650 _aDecentralization
700 _aAGGARWAL,Swati
942 _2ddc
_cREF
999 _c11997
_d11997